A flora of the state of New York : (Record no. 24573)

MARC details
000 -LEADER
fixed length control field 01242cam a22002771a 4500
001 - CONTROL NUMBER
control field gs 07000384
003 - CONTROL NUMBER IDENTIFIER
control field DLC
005 - DATE AND TIME OF LATEST TRANSACTION
control field 20260227111305.0
008 - FIXED-LENGTH DATA ELEMENTS--GENERAL INFORMATION
fixed length control field 831214s1843 nyuf b 000 0 eng
010 ## - LIBRARY OF CONGRESS CONTROL NUMBER
LC control number gs 07000384
035 ## - SYSTEM CONTROL NUMBER
System control number (OCoLC)35836564
040 ## - CATALOGING SOURCE
Original cataloging agency DLC
Transcribing agency IaU
Modifying agency NAlf
-- DLC
043 ## - GEOGRAPHIC AREA CODE
Geographic area code n-us-ny
050 00 - LIBRARY OF CONGRESS CALL NUMBER
Classification number QH105.N7
Item number N2 div. 2
051 ## - LIBRARY OF CONGRESS COPY, ISSUE, OFFPRINT STATEMENT
Classification number QK177
Item number .T69
100 1# - MAIN ENTRY--PERSONAL NAME
Personal name Torrey, John,
Dates associated with a name 1796-1873.
245 12 - TITLE STATEMENT
Title A flora of the state of New York :
Remainder of title comprising full descriptions of all the indigenous and naturalized plants hitherto discovered in the state; with remarks on their economical and medicinal properties /
Statement of responsibility, etc. by John Torrey.
260 ## - PUBLICATION, DISTRIBUTION, ETC.
Place of publication, distribution, etc. Albany :
Name of publisher, distributor, etc. Carroll and Cook, Printers to the Assembly,
Date of publication, distribution, etc. 1843.
300 ## - PHYSICAL DESCRIPTION
Extent 2 v. :
Other physical details plates (1 folded) ;
Dimensions 29 cm.
440 #0 - SERIES STATEMENT/ADDED ENTRY--TITLE
Title Natural history of New York ;
Volume/sequential designation div. 2
500 ## - GENERAL NOTE
General note Added t.-p., engraved, with vignette.
500 ## - GENERAL NOTE
General note General author and subject index may be found in "Index to publications of the New York natural history survey and New York State museum. By Mary Ellis. 1903." (New York. State museum. Bulletin 66)
504 ## - BIBLIOGRAPHY, ETC. NOTE
Bibliography, etc. note Bibliography: vol.I, p.[ix]-xii.
650 #0 - SUBJECT ADDED ENTRY--TOPICAL TERM
Topical term or geographic name entry element Botany
Geographic subdivision New York (State)
710 1# - ADDED ENTRY--CORPORATE NAME
Corporate name or jurisdiction name as entry element New York (State).
Subordinate unit Natural History Survey.

No items available.

Powered by Koha